Bojnický zámok - múzeum celkový pohľad na zámok : Zlatá sála : strop Zlatej sály s centrálnym medailónom : jedáleň : Orientálny salón

Zobrazenie:

Bibliographic Details
Other Authors: Veliký, Miroslav (fotograf) (Photographer)
Format: Photo
Language:Slovak
PhysicalDescription:1 pohľadnica (5 čiastkových pohľadov) farebná 15 x 11 cm
Published: Bratislava Pravda 1986
Subjects:

MARC

LEADER 00000ckm a2200000 a 4500
001 vtls001199958
003 SK-MaSNL
005 20260331202907.0
007 kf co
008 180703s1986 xo g 0kuslo
015 |a SNBG1986 
035 |a SNK000143027 
040 |a SNK  |b slo  |c SNK  |e AACR2 
041 0 |a slo 
043 |a e-xo--- 
044 |a xo  |c SK 
072 7 |a 913  |x Regionálna geografia  |2 konspekt 
080 |a 913(437.6)  |2 2011 
080 |a 904(084.121)  |2 2011 
100 1 |a Veliký, Miroslav  |c (fotograf)  |4 pht  |9 283313 
245 1 0 |a Bojnický zámok - múzeum  |h grafika  |b celkový pohľad na zámok : Zlatá sála : strop Zlatej sály s centrálnym medailónom : jedáleň : Orientálny salón  |c foto Miroslav Veliký 
246 1 |i Názov na obrazovej časti:  |a Bojnice 
260 |a Bratislava  |b Pravda  |c 1986  |e [Bratislava]  |f TZP-B 
300 |a 1 pohľadnica (5 čiastkových pohľadov)  |b farebná  |c 15 x 11 cm 
520 8 |a Zobrazenie: 
651 7 |a Bojnice (Slovensko)  |2 SNKPHgeo  |9 30288 
655 7 |a pohľadnice kultúrnych pamiatok  |2 SNKPH  |9 70523 
655 7 |a miestne pohľadnice  |2 SNKPH  |9 70510 
958 |a GBN 
958 |a GC 
958 |a OND 
999 |c 597921  |d 599851 
952 |a SNK  |b SNK  |y PREZ  |7 0  |p 17A1281308  |o snkSP 138408  |i snkSP 2013/87  |0 0  |1 0  |4 0  |d 2021-05-17  |l 0  |r 2026-02-23 15:45:11  |w 2026-02-23 
952 |a SNK  |b SNK  |y PREZ  |7 0  |p 17A1281309  |o snkSP 138408 D1  |i snkSP 2014/87  |0 0  |1 0  |4 0  |d 2021-05-17  |l 0  |r 2026-02-23 15:45:11  |w 2026-02-23